000 00857nam0a22002531 4500
001 rc\1141328
005 20041129084307.7
035 _a(NLR Aleph) 006387778
090 _a5127319
_c5127320
100 _a20041129d1980 u |0rusy50 ca
101 0 _arus
102 _aRU
105 _ay |||||||||
200 1 _aДиссипация кинетической энергии в реакциях глубоко-неупругих передач
210 _aНовосибирск
_cБ. и.
_d1980
215 _a17 с.
_d20
225 1 _aПрепринт
_fСиб. отд-ние АН СССР, Ин-т ядер. физики
_v80-46
320 _aБиблиогр.: с. 17
700 1 _aИсаев
_bП. Н.
_gПавел Николаевич
801 0 _aRU
_bNLR
_gpsbo
801 1 _aRU
_bELAR
_2rusmarc
852 _aNLR
_j80-4/23834
942 _cBOOK
980 _aNB